Người cao tuổi và gia đình /
Đã lưu trong:
| Hovedforfatter: | |
|---|---|
| Format: | Bài viết |
| Sprog: | Vietnamese |
| Fag: | |
| Tags: |
Tilføj Tag
Ingen Tags, Vær først til at tagge denne postø!
|
| Thư viện lưu trữ: | Thư viện Trường Đại học Đà Lạt |
|---|
| LEADER | 00860nam a2200325 4500 | ||
|---|---|---|---|
| 001 | DLU080062580 | ||
| 005 | ##20080505 | ||
| 040 | # | # | |a DLU |b vie |
| 041 | # | # | |a vie |
| 044 | # | # | |a vn |
| 100 | # | # | |a Trần Thị Vân Anh. |
| 245 | # | # | |a Người cao tuổi và gia đình / |c Trần Thị Vân Anh. |
| 653 | # | # | |a Cấu trúc gia đình |
| 653 | # | # | |a Chính sách xã hội |
| 653 | # | # | |a Người cao tuổi |
| 773 | # | # | |t Nghiên cứu Gia đình và Giới |g Số 2, 2008, tr. 15-27 |
| 920 | # | # | |a Phòng Tạp chí -- Trung tâm Thông tin - Thư viện Trường Đại học Đà Lạt |
| 933 | # | # | |a CP |
| 933 | # | # | |a VH |
| 933 | # | # | |a VN |
| 933 | # | # | |a XH |
| 992 | # | # | |a 0 |
| 994 | # | # | |a DLU |
| 900 | # | # | |a True |
| 911 | # | # | |a Thái Thị Thanh Thủy |
| 925 | # | # | |a G |
| 926 | # | # | |a A |
| 927 | # | # | |a BB |
| 980 | # | # | |a Thư viện Trường Đại học Đà Lạt |